The many body problem in quantum mechanics (Record no. 19072)

MARC details
000 -LEADER
fixed length control field 00638nam a2200217Ia 4500
003 - CONTROL NUMBER IDENTIFIER
control field IN-BaIIA
008 - FIXED-LENGTH DATA ELEMENTS--GENERAL INFORMATION
fixed length control field 211028s9999 xx 000 0 eng d
020 ## - INTERNATIONAL STANDARD BOOK NUMBER
International Standard Book Number 978-0-486-68754-4
040 ## - CATALOGING SOURCE
Transcribing agency IIA Library
080 ## - UNIVERSAL DECIMAL CLASSIFICATION NUMBER
Universal Decimal Classification number 530.145
Item number MAR
100 ## - MAIN ENTRY--PERSONAL NAME
Personal name March, N. H
9 (RLIN) 36417
245 #4 - TITLE STATEMENT
Title The many body problem in quantum mechanics
Statement of responsibility, etc. by N.H. March, W.H. Young and S. Sampanthar.
260 ## - PUBLICATION, DISTRIBUTION, ETC.
Place of publication, distribution, etc. New York
Name of publisher, distributor, etc. Dover Publications
Date of publication, distribution, etc. 1995
300 ## - PHYSICAL DESCRIPTION
Extent ix, 459p.
490 ## - SERIES STATEMENT
Series statement Dover books on physics
650 ## - SUBJECT ADDED ENTRY--TOPICAL TERM
Topical term or geographic name entry element Many body problem
9 (RLIN) 1542
650 ## - SUBJECT ADDED ENTRY--TOPICAL TERM
Topical term or geographic name entry element Quantum theory
700 ## - ADDED ENTRY--PERSONAL NAME
Personal name Sampanthar, S
9 (RLIN) 36418
700 ## - ADDED ENTRY--PERSONAL NAME
Personal name Young, W. H
9 (RLIN) 36419
942 ## - ADDED ENTRY ELEMENTS (KOHA)
Koha item type Books
Holdings
Withdrawn status Lost status Damaged status Not for loan Home library Current library Shelving location Date acquired Source of acquisition Cost, normal purchase price Total Checkouts Full call number Barcode Date last seen Cost, replacement price Price effective from Koha item type Purchase Price
        IIA Library-Bangalore IIA Library-Bangalore General Stacks 08/07/2015 SBA 9084.00   530.145/ MAR 19994 05/11/2021 9084.00 08/07/2015 Books Rs. 9084.00

Powered by Koha